000 00547nam a2200193Ia 4500
005 20250508164825.0
008 008 250505s9999 xx 000 0 eng d
037 _aDissertations
040 _aFEDL
_beng
_cFEDL
041 _aeng
_2eng
084 _a370.15, GOE/DI
_qFEDL
100 _aGoel Nidhi
245 0 _aParadigm shift in cognitive psychology and education
260 _c2001
300 _a230p.
546 _aM. Phil. Dissertation (Delhi University)
942 _cDIS
_h370.15, GOE/DI
999 _c1391412
_d1391412